[Event "British Chess Championships 2023: AM Tournament U1900"]
[Site "The Venue, De Montfort University, 20 Western Boulevard, Leicester, LE2 7BU"]
[Date "2023.07.29"]
[Round "6"]
[Board "16"]
[White "Schmerwitz, Reinhard"]
[Black "Colclough, Ryan"]
[Result "1/2-1/2"]
[WhiteElo "1683"]
[BlackElo "1795"]
[PlyCount "0"]
[EventDate "2023.07.24"]
[EventRounds "6"]
[EventCountry "ENG"]

1. e4 e5 2. Nf3 Nc6 3. Bb5 Nf6 4. O-O Nxe4 5. Bxc6 dxc6 6. Re1 Nd6 7. Nxe5 Be7 8.
d4 O-O 9. Bf4 Be6 10. b3 Nf5 11. c3 a5 12. Nd2 c5 13. dxc5 Bxc5 14. Ne4 Bb6 15. Ng5
Qxd1 16. Raxd1 Rae8 17. Nxe6 Rxe6 18. Nd7  1/2-1/2

[Event "British Chess Championships 2023: AM Tournament U1900"]
[Site "The Venue, De Montfort University, 20 Western Boulevard, Leicester, LE2 7BU"]
[Date "2023.07.29"]
[Round "6"]
[Board "17"]
[White "Lawrence, Spencer"]
[Black "Morris, Nigel W"]
[Result "1-0"]
[WhiteElo "1849"]
[BlackElo "1596"]
[PlyCount "0"]
[EventDate "2023.07.24"]
[EventRounds "6"]
[EventCountry "ENG"]

1. c4 e5 2. Nc3 Nf6 3. g3 Nc6 4. Bg2 Be7 5. b3 d6 6. Bb2 Be6 7. Nd5 Qd7 8. e3 O-O
9. Ne2 Ne8 10. d4 f6 11. Qd2 Rb8 12. a4 Bh3 13. O-O Bxg2 14. Kxg2 f5 15. f4 e4 16.
Nxe7+ Nxe7 17. d5 Rf7 18. Kf2 Ng6 19. Nd4 Nf8 20. Rg1 Nf6 21. Rg2 a6 22. h3 h5 23.
b4 Ra8 24. b5 axb5 25. axb5 Rxa1 26. Bxa1 b6 27. Qd1 g6 28. Nc6 Qe8 29. Qd4 N8d7
30. Kg1 Rh7 31. Qd1 Kf7 32. Bd4 Kg8 33. Ra2 Kf7 34. Qa1 Rh8 35. Ra7 Qc8 36. Nb4 Rg8
37. Qa6 Rd8 38. Qa1 Ke7 39. Nc6+ Kf7 40. Nxd8+ Qxd8 41. Ra8 Qe7 42. Rc8 Ne8 43. Kg2
Ndf6 44. Qa8 Nd7 45. Qc6  1-0

[Event "British Chess Championships 2023: AM Tournament U1900"]
[Site "The Venue, De Montfort University, 20 Western Boulevard, Leicester, LE2 7BU"]
[Date "2023.07.29"]
[Round "6"]
[Board "18"]
[White "Shaddick, John"]
[Black "Acharya, Kandara"]
[Result "1/2-1/2"]
[WhiteElo "1637"]
[BlackElo "1783"]
[PlyCount "0"]
[EventDate "2023.07.24"]
[EventRounds "6"]
[EventCountry "ENG"]

1. e4 c5 2. Nf3 Nc6 3. d4 cxd4 4. Nxd4 g6 5. Nc3 Bg7 6. Be3 Nf6 7. Be2 O-O 8. Qd2
d5 9. Nxc6 bxc6 10. exd5 cxd5 11. Bh6 Bb7 12. Bxg7 Kxg7 13. O-O d4 14. Nd1 e5 15.
f3 Nd5 16. Re1 Nf4 17. Bc4 Qg5 18. Kh1 Qf6 19. Bf1 h5 20. Nf2 Rfe8 21. Ne4 Bxe4 22.
fxe4 h4 23. Bd3 Qg5 24. Rg1 Rh8 25. Raf1 Qe7 26. Rf3 Rac8 27. Rgf1 Rc7 28. b3 Rhc8
29. Bc4 Qg5 30. g3 hxg3 31. Rxg3 Qh4 32. Rfg1 Qe7 33. a4 Rh8 34. Rf1 Rh7 35. Rgf3
Qh4 36. Rxf4 exf4 37. Rxf4 Qd8 38. e5 Re7 39. Rxd4 Qc7 40. Qf4 Qxe5 41. Qxe5+ Rxe5
42. Rd2 Rhh5 43. Bd3 f5 44. Re2 Rxe2 45. Bxe2 Rh3 46. Kg2 Rc3 47. Bd3 Kf6 48. a5
Ke5 49. b4 Rc7 50. b5 Kd5 51. c4+ Kc5 52. h4 Rd7 53. Be2 Rh7  1/2-1/2

[Event "British Chess Championships 2023: AM Tournament U1900"]
[Site "The Venue, De Montfort University, 20 Western Boulevard, Leicester, LE2 7BU"]
[Date "2023.07.29"]
[Round "6"]
[Board "19"]
[White "Rao, Shree"]
[Black "O'gorman, Brendan"]
[Result "1/2-1/2"]
[WhiteElo "1599"]
[BlackElo "1779"]
[PlyCount "0"]
[EventDate "2023.07.24"]
[EventRounds "6"]
[EventCountry "ENG"]

1. e4 c5 2. Nf3 g6 3. c3 Bg7 4. d4 cxd4 5. cxd4 d5 6. exd5 Nf6 7. Nc3 Nxd5 8. Bc4
Nb6 9. Bb3 O-O 10. O-O Nc6 11. d5 Na5 12. Bc2 Nac4 13. Bb3 Bg4 14. h3 Bxf3 15. Qxf3
Rc8 16. Rd1 Nd6 17. Bf4 Nbc4 18. Rab1 Nxb2 19. Rxb2 Rxc3 20. Qe2 Nf5 21. Rbd2 Qc8
22. g4 Nh4 23. Rd3 Rxd3 24. Rxd3 Qd7 25. Bg5 Bf6 26. Bxf6 exf6 27. Re3 Rc8 28. f4
g5 29. fxg5 fxg5 30. Re7 Qd6 31. Qe3  1/2-1/2

[Event "British Chess Championships 2023: AM Tournament U1900"]
[Site "The Venue, De Montfort University, 20 Western Boulevard, Leicester, LE2 7BU"]
[Date "2023.07.29"]
[Round "6"]
[Board "20"]
[White "Mckenna, Joshua"]
[Black "Crompton, Robert"]
[Result "1/2-1/2"]
[WhiteElo "1600"]
[BlackElo "1662"]
[PlyCount "0"]
[EventDate "2023.07.24"]
[EventRounds "6"]
[EventCountry "ENG"]

1. e4 c5 2. c3 Nf6 3. e5 Nd5 4. Nf3 d6 5. exd6 e6 6. g3 Bxd6 7. Bg2 Nc6 8. O-O O-O
9. d4 cxd4 10. Nxd4 Nxd4 11. Qxd4 Qb6 12. Qxb6 Nxb6 13. Nd2 Rb8 14. Ne4 Bc7 15. Nc5
Nd7 16. Be3 b6 17. Nxd7 Bxd7 18. Rfd1 Rfd8 19. Rd2 Bb5 20. Rad1 Rxd2 21. Rxd2 Rd8
22. Rxd8+ Bxd8 23. b3 Bd3 24. Bf1 Bb1 25. a3 Bc2 26. b4 Kf8 27. c4 Ba4 28. c5 Ke8
29. Ba6 Kd7 30. cxb6 Bxb6 31. Bc1 Bd4 32. Kf1 Kc6 33. Bd3 Bb5 34. Ke2 Bxd3+ 35. Kxd3
Bxf2 36. Kc4 a6 37. a4 Bg1 38. h3 Bf2 39. b5+ axb5+ 40. axb5+ Kb6 41. g4 h6 42. Bb2
g6 43. Bf6 Bg1 44. h4 Be3 45. h5 gxh5 46. gxh5 Bf4 47. Bd8+ Bc7 48. Bf6 Bf4 49. Bd8+
Kb7  1/2-1/2

[Event "British Chess Championships 2023: AM Tournament U1900"]
[Site "The Venue, De Montfort University, 20 Western Boulevard, Leicester, LE2 7BU"]
[Date "2023.07.29"]
[Round "6"]
[Board "21"]
[White "Yi, Louis"]
[Black "Merchant, Steve"]
[Result "1-0"]
[WhiteElo "1443"]
[BlackElo "1641"]
[PlyCount "0"]
[EventDate "2023.07.24"]
[EventRounds "6"]
[EventCountry "ENG"]

1. e4 c5 2. Nc3 Nc6 3. Bb5 Nd4 4. Nf3 Nxb5 5. Nxb5 a6 6. Nc3 d6 7. d4 cxd4 8. Qxd4
Bg4 9. Qd3 Nf6 10. h3 Bh5 11. Bg5 e6 12. O-O Be7 13. Rfe1 O-O 14. Ne2 Bg6 15. Nf4
Bxe4 16. Rxe4 Nxe4 17. Bxe7 Qxe7 18. Qxe4 d5 19. Nxd5 Qd6 20. Ng5 f5 21. Qxe6+ Qxe6
22. Nxe6 Rf7 23. Rd1 h6 24. g3 Re8 25. Nd4 b5 26. c3 g5 27. Ne3 f4 28. Nef5 Rd8 29.
Nxh6+  1-0

[Event "British Chess Championships 2023: AM Tournament U1900"]
[Site "The Venue, De Montfort University, 20 Western Boulevard, Leicester, LE2 7BU"]
[Date "2023.07.29"]
[Round "6"]
[Board "22"]
[White "Mottram-Epson, Peter A"]
[Black "Daly, Grant"]
[Result "1-0"]
[WhiteElo "1707"]
[BlackElo "1596"]
[PlyCount "0"]
[EventDate "2023.07.24"]
[EventRounds "6"]
[EventCountry "ENG"]

1. d4 Nf6 2. Bf4 c5 3. d5 d6 4. c4 e5 5. Bg3 Be7 6. Nc3 O-O 7. e4 a6 8. f4 exf4 9.
Bxf4 b5 10. cxb5 axb5 11. Bxb5 Qa5 12. Qd3 Nbd7 13. Nf3 Nb6 14. O-O Rb8 15. b3 Nbd7
16. Bc4 Nb6 17. Nb5 Nxc4 18. bxc4 Rd8 19. h3 Ba6 20. a4 Ne8 21. e5 dxe5 22. Nxe5
Qb6 23. Nxf7 Bf6 24. Nxd8 Rxd8 25. a5 Qb7 26. Rae1 Bxb5 27. cxb5 Qa7 28. Qe4 Qxa5
29. Qe6+ Kf8 30. b6 c4 31. Bc7 Nxc7 32. Rxf6+ gxf6 33. Qxf6+ Kg8 34. Qxd8+  1-0

[Event "British Chess Championships 2023: AM Tournament U1900"]
[Site "The Venue, De Montfort University, 20 Western Boulevard, Leicester, LE2 7BU"]
[Date "2023.07.29"]
[Round "6"]
[Board "23"]
[White "Veeturi, Yashvardhan"]
[Black "Collins, Nigel"]
[Result "1/2-1/2"]
[WhiteElo "1361"]
[BlackElo "1496"]
[PlyCount "0"]
[EventDate "2023.07.24"]
[EventRounds "6"]
[EventCountry "ENG"]

1. e4 c5 2. Nc3 d6 3. g3 g6 4. Bg2 Bg7 5. d3 Nc6 6. Be3 e5 7. Qd2 Nge7 8. Bh6 O-O
9. Bxg7 Kxg7 10. h4 h6 11. h5 g5 12. O-O-O Nd4 13. Nce2 Nec6 14. c3 Nxe2+ 15. Nxe2
f6 16. Bh3 Bxh3 17. Rxh3 Qa5 18. Kb1 Qc7 19. Ng1 Rad8 20. c4 a6  1/2-1/2

[Event "British Chess Championships 2023: AM Tournament U1900"]
[Site "The Venue, De Montfort University, 20 Western Boulevard, Leicester, LE2 7BU"]
[Date "2023.07.29"]
[Round "6"]
[Board "24"]
[White "Hayes, Solomon"]
[Black "Smithson, Sean"]
[Result "1-0"]
[WhiteElo "1613"]
[BlackElo "1301"]
[PlyCount "0"]
[EventDate "2023.07.24"]
[EventRounds "6"]
[EventCountry "ENG"]

1. e4 e6 2. d4 d5 3. Nd2 Nf6 4. e5 Nfd7 5. Bd3 c5 6. c3 Nc6 7. Ne2 Be7 8. O-O Qb6
9. Nf3 O-O 10. a3 f6 11. Qc2 f5 12. Be3 c4 13. Bxc4 dxc4 14. d5 Bc5 15. dxc6 Qxc6
16. Ned4 Bxd4 17. Bxd4 b6 18. Rad1 Bb7 19. Be3 Nxe5 20. Ne1 f4 21. Bd4 f3 22. g3
Nf7 23. Qc1 e5 24. Be3 e4 25. Bd4 Qe6 26. Qf4 Rad8 27. Kh1 Rd5 28. g4 Nh6 29. Qg3
Rg5 30. h3 Nf7 31. Nc2 h5 32. Be3 Rg6 33. Nd4 Qe5 34. Bf4 Qf6 35. Nf5 hxg4 36. hxg4
Bc8 37. Ne3 Ng5 38. Bxg5 Qxg5 39. Rd5 Rh6+ 40. Kg1 Qg6 41. Rfd1 Qh7 42. Rh5 Rxh5
43. gxh5 Qxh5 44. Rd5 Qh3 45. Qg6 Be6 46. Rh5 Bf7 47. Qh7#  1-0

[Event "British Chess Championships 2023: AM Tournament U1900"]
[Site "The Venue, De Montfort University, 20 Western Boulevard, Leicester, LE2 7BU"]
[Date "2023.07.29"]
[Round "6"]
[Board "25"]
[White "Hollyman, Mike"]
[Black "Matthew, Ian G"]
[Result "0-1"]
[WhiteElo "1555"]
[BlackElo "1745"]
[PlyCount "0"]
[EventDate "2023.07.24"]
[EventRounds "6"]
[EventCountry "ENG"]

1. c4 Nc6 2. Nc3 e5 3. g3 Nf6 4. Bg2 Be7 5. e3 O-O 6. Nge2 a6 7. O-O Rb8 8. d4 b5
9. dxe5 Nxe5 10. cxb5 axb5 11. f4 Nc4 12. h3 Bc5 13. Nd4 Re8 14. Re1 b4 15. Qb3 Na5
16. Qa4 Bxd4 17. Nb5 Bb6 18. Bd2 Nc6 19. Rad1 Bb7 20. Qc2 Na7 21. Nxa7 Bxa7 22. Qa4
Bc5 23. Rc1 Bxg2 24. Kxg2 Bb6 25. Qb3 Ne4 26. Qd3 Qf6 27. Rc4 Qg6 28. g4 Nxd2 29.
Qxd2 Qe6 30. Qc2 c5 31. f5 Qe5 32. Kf3 Bc7 33. Re4 Qg3+ 34. Ke2 Qg2+  0-1